000 00361 a2200169 4500
001 71894
020 _a8526236369
040 _cAnchieta - Colégio São Paulo
100 _aAlçada, Isabel
240 1 0 _aO Brasil
_lpor
245 1 0 _aO Brasil
300 _a24
362 0 _a1999
440 1 _aScipione
650 4 _aLiteratura infanto-juvenil
942 _cBK
999 _c71894
_d71894